000 02564nam a22003377a 4500
003 NALT
005 20251029163240.0
008 200630b th ||||| |||| 00| 0 tha d
040 _aNALT
090 _aIS 11/2561 ก.7
110 2 _953898
_aนักศึกษาสถาบันพระปกเกล้า หลักสูตรการพัฒนานักบริหารระดับสูง สำหรับข้าราชการรัฐสภาสามัญ รุ่นที่ 11 กลุ่มที่ 7
245 1 0 _aบทบาทของสำนักงานเลขาธิการวุฒิสภาในการรองรับภารกิจการพิจารณาร่างพระราชบัญญัติของวุฒิสภา ตามรัฐธรรมนูญแห่งราชอาณาจักรไทย /
_cนักศึกษาสถาบันพระปกเกล้า หลักสูตรการพัฒนานักบริหารระดับสูง สำหรับข้าราชการรัฐสภาสามัญ รุ่นที่ 11 กลุ่มที่ 7 ; สถาบันพระปกเกล้า.
260 _aกรุงเทพฯ :
_bสถาบันพระปกเกล้า,
_c2562.
300 _a1 เล่ม ;
_c29 ซม.
610 2 0 _aสำนักงานเลขาธิการวุฒิสภา.
_99181
653 4 _aการพิจารณาร่างพระราชบัญญัติของวุฒิสภา
700 0 _945915
_aโฉมเฉลา เอี่ยมไพโรจน์
700 0 _946005
_aทุติยาพร ทวนทอง
700 0 _946010
_aนงลักษณ์ ขันธิโชติ
700 0 _946051
_aพีรพล ยวงนาค
700 0 _946084
_a สิรภัทร์ พิมพ์แก้ว
700 0 _946090
_aสุภาพร วิเชียรเพชร
700 0 _946097
_aอรทัย แหวนนาค
700 0 _946102
_aอำพรรณนี ปินตาวงศ์
700 0 _aเอกชัย บุดสีนนท์.
_946103
710 2 _aสถาบันพระปกเกล้า
_92339
850 _aNALT
942 _cIS
_2local
999 _c97220
_d97220
998 _j1020
_k นางจำเรียง ระวังสำโรง